Regulácia lobingu v podmienkach Európskej únie
Nevyhnutnosť dôslednejšej inštitucionalizácie lobingu v podmienkach EÚ. Samoregulácia lobingu. Regulačné opatrenia v rámci Európskej únie. Register zástupcov záujmových skupín a kódex správania sa lobistov. Plusy a mínusy profesionálnych kódexov.
Gespeichert in:
| 1. Verfasser: | |
|---|---|
| Format: | Buchkapitel |
| Sprache: | Slowakisch |
| Schlagworte: | |
| Tags: |
Keine Tags, Fügen Sie das erste Tag hinzu!
|
MARC
| LEADER | 00000naa a2200000 4500 | ||
|---|---|---|---|
| 001 | 0148021 | ||
| 005 | 20240502072652.6 | ||
| 041 | 0 | |a slo | |
| 044 | |a SK | ||
| 245 | 1 | 0 | |a Regulácia lobingu v podmienkach Európskej únie |c Marián Vongrej |
| 520 | |a Nevyhnutnosť dôslednejšej inštitucionalizácie lobingu v podmienkach EÚ. Samoregulácia lobingu. Regulačné opatrenia v rámci Európskej únie. Register zástupcov záujmových skupín a kódex správania sa lobistov. Plusy a mínusy profesionálnych kódexov. | ||
| 610 | 2 | 0 | |a lobizmus |
| 610 | 2 | 0 | |a kódexy etické |
| 610 | 2 | 0 | |a regulácia |
| 610 | 2 | 0 | |a Európska únia |
| 610 | 2 | 0 | |a legislatíva |
| 610 | 2 | 0 | |a procesy rozhodovacie |
| 100 | 1 | |a Vongrej, Marián | |